000 00647cam a22000977a 4500
008 180718b xxu||||| |||| 00| 0 eng d
082 _aU6x42 Un3m
245 _aReport from the select committee on nationalised industries
260 _aLondon
_bHer Majesty's Stationery Office
_c
500 _aContents: Library has 1952, 1953, 1955,1958, 1960, 1961,1962,1963( v.3: Appendices and Index)1964(v.1: report and proceedings of the committee) 1966,1967-68(v.1 : Report and proceedings of the committe), 1968-69(Minutes of Evidence Taken Before Sub- Committee A And Appendices)1969-70,1970-71,1971-72, 1972-73, 1974-75, 1976-77,1977-78, first, second, fifth report
999 _c424310
_d424310